000 01065nam a22003257a 4500
001 000026631
003 CHAP
005 20220329134752.0
008 971013s1960 r 00010 d
010 _a25585
011 _a26557
035 _a30658
040 _cCHAP
090 _aFolleto 1493
110 2 _aInstituto para el Mejoramiento de la Producción de Azúcar. México
_959422
245 1 0 _aEstudio sobre la mejor época de aplicación de los fertilizantes en la zona de Atencingo, Pue.
260 _aMéxico, D.F. :
_bEl Instituto,
_c1960.
300 _a8Ch.
590 _aBATCH-UPD
_b10
_c20130110
_lUCH01
_h1214
590 _aBATCH-UPD
_b10
_c20130410
_lUCH01
_h0752
590 _aBATCH-UPD
_b10
_c20130914
_lUCH01
_h0835
590 _aCONVERSION
_b10
_c20130109
_lUCH01
_h1315
590 _aE5995AHE
_b05
_c20141119
_lUCH01
_h1231
650 1 4 _aCaña de azúcar
_zPuebla.
_918670
650 1 4 _aFertilizantes para caña de azúcar.
_940610
901 _aBK
942 _cFOLL
942 _n0
949 _aFolleto 1493
_bBC
_cFOLL
_d-71002
_eTS1
_i30658
_si
999 _c25585
_d25585